US Street Suffixes - Statistics

General Stats
  • This quiz has been taken 13 times
  • The average score is 23 of 210
Answer Stats
Suffix % Correct
Street
100%
Avenue
82%
Lane
82%
Boulevard
73%
Court
73%
Road
73%
Drive
64%
Circle
55%
Mount
45%
Park
45%
Parkway
45%
Way
45%
Alley
36%
Creek
36%
Hill
36%
River
36%
Freeway
27%
Green
27%
Grove
27%
Highway
27%
Hills
27%
Lake
27%
Mountain
27%
Place
27%
Square
27%
Terrace
27%
View
27%
Walk
27%
Beach
18%
Bluff
18%
Bridge
18%
Camp
18%
Canyon
18%
Circles
18%
Courts
18%
Crescent
18%
Drives
18%
Fall
18%
Falls
18%
Garden
18%
Gardens
18%
Greens
18%
Mountains
18%
Parks
18%
Parkways
18%
Pass
18%
Plain
18%
Port
18%
Roads
18%
Row
18%
Run
18%
Streets
18%
Well
18%
Annex
9%
Bayou
9%
Bluffs
9%
Brook
9%
Brooks
9%
Bypass
9%
Camino
9%
Cape
9%
Causeway
9%
Center
9%
Cliff
9%
Cliffs
9%
Common
9%
Commons
9%
Course
9%
Expressway
9%
Fields
9%
Forest
9%
Gateway
9%
Groves
9%
Haven
9%
Inlet
9%
Island
9%
Islands
9%
Isle
9%
Key
9%
Keys
9%
Knoll
9%
Knolls
9%
Lakes
9%
Land
9%
Light
9%
Lights
9%
Lock
9%
Locks
9%
Lodge
9%
Loop
9%
Meadow
9%
Mews
9%
Mill
9%
Mills
9%
Motorway
9%
Overpass
9%
Path
9%
Plains
9%
Ports
9%
Prairie
9%
Ramp
9%
Ranch
9%
Rest
9%
Ridge
9%
Route
9%
Rue
9%
Squares
9%
Station
9%
Stream
9%
Trail
9%
Trailer
9%
Underpass
9%
Valley
9%
Valleys
9%
Views
9%
Village
9%
Villages
9%
Ville
9%
Vista
9%
Wall
9%
Wells
9%
Arcade
0%
Avenida
0%
Bend
0%
Bottom
0%
Branch
0%
Burg
0%
Burgs
0%
Calle
0%
Centers
0%
Club
0%
Corner
0%
Corners
0%
Cove
0%
Coves
0%
Crest
0%
Crossing
0%
Crossroad
0%
Curve
0%
Dale
0%
Dam
0%
Divide
0%
Estate
0%
Estates
0%
Extension
0%
Extensions
0%
Ferry
0%
Fieeld
0%
Flat
0%
Flats
0%
Ford
0%
Fords
0%
Forge
0%
Forges
0%
Fork
0%
Forks
0%
Fort
0%
Glen
0%
Glens
0%
Harbor
0%
Harbors
0%
Heights
0%
Hollow
0%
Junction
0%
Junctions
0%
Landing
0%
Loaf
0%
Mall
0%
Manor
0%
Manors
0%
Meadows
0%
Mission
0%
Neck
0%
Orchard
0%
Oval
0%
Overlook
0%
Passage
0%
Pike
0%
Pine
0%
Pines
0%
Plaza
0%
Point
0%
Points
0%
Radial
0%
Rapid
0%
Rapids
0%
Ridges
0%
Shoal
0%
Shoals
0%
Shore
0%
Shores
0%
Skyway
0%
Spring
0%
Springs
0%
Spur
0%
Strasse
0%
Stravenue
0%
Summit
0%
Thoroughway
0%
Trace
0%
Track
0%
Trafficway
0%
Tunnel
0%
Turnpike
0%
Union
0%
Unions
0%
Via
0%
Viaduct
0%
No matching quizzes found
Score Distribution
Percent of People with Each Score
Percentile by Number Answered
Your Score History
You have not taken this quiz